WWE Elimination Chamber PPV Title Winners - Statistics

General Stats
  • This quiz has been taken 52 times
    17 since last reset
  • The average score is 15 of 18
Answer Stats
Year Title Won Wrestler % Correct
2010 WWE Championship John Cena
100%
2017 WWE Championship Bray Wyatt
92%
2022 WWE Championship Brock Lesnar
92%
2010 World Heavyweight Chris Jericho
92%
2026 Women's Intercontinental AJ Lee
83%
2010 WWE Championship Batista
83%
2019 Women's Tag Team Bayley
83%
2011 WWE Tag Team Heath Slater
83%
2019 Smackdown Tag Team Jey Uso
83%
2019 Smackdown Tag Team Jimmy Uso
83%
2011 WWE Tag Team Justin Gabriel
83%
2017 Smackdown Women's Naomi
83%
2015 Intercontinental Ryback
83%
2020 Intercontinental Sami Zayn
83%
2019 Women's Tag Team Sasha Banks
83%
2021 WWE Championship The Miz
83%
2019 Intercontinental Finn Balor
67%
2021 United States Matt Riddle
67%
No matching quizzes found
Score Distribution
Percent of People with Each Score
Percentile by Number Answered
Your Score History
You have not taken this quiz since the last reset